000 00388 a2200121 4500
001 ART_46283
005 20260410161925.0
008 260409a
245 1 0 _aThe productivity effects of employee stock-ownership plans and bonuses
100 1 _aJones, Derek
700 1 _aKato, Takao
773 0 _tThe American Economic Review
_g- Vol. 85, NÂș 3 (jun. 1995)
_wREV16190
999 _c28079
_d28079